Test de rapidité-Mort subite - Statistiques

Statistiques générales
  • Ce quiz a été pris 822 fois
  • Le résultat moyen est 18 sur 21
Answers on the Grid
Answers color-coded by a green-red scale on the quiz's grid according to % correct below.
9
9
9
6
6
6
6
9
9
9
9
9
6
6
9
6
6
6
9
9
9
6
9
9
9
6
6
9
9
9
6
6
9
6
9
6
6
6
9
9
6
6
9
9
6
 
Statistiques - réponses
Réponse % Correct
6
85%
6
85%
6
85%
6
85%
6
85%
6
84%
6
84%
6
84%
6
84%
6
84%
6
84%
6
84%
6
84%
6
84%
6
83%
6
83%
6
83%
6
83%
6
83%
6
83%
6
82%
Aucun quiz correspondant
Distribution des résultats
% des personnes avec chaque résultat
Percentile par nombre de réponses
Votre historique - résultats
Vous n’avez pas pris ce quiz